Jean Dujardin Filmography - Statistics

General Stats
  • This quiz has been taken 15 times
    4 since last reset
  • The average score is 21 of 68
Answer Stats
Type Year Name % Correct
Film 2005 Brice de Nice
75%
Film 2004 Mariages !
75%
Film 2006 OSS 117: Cairo, Nest of Spies
75%
Film 2009 OSS 117: Lost in Rio
75%
Film 2021 OSS 117: Red Alert in Black Africa
75%
Short Film 2002 À l'abri des regards indiscrets
50%
Film 2008 Cash
50%
Film 2004 Cash Truck
50%
Film 2007 Contre-enquête
50%
Film 2007 Hellphone
50%
Film 2002 If I Were a Rich Man
50%
Film 2005 L'Amour aux trousses
50%
Film 2005 La vie de Michel Muller est plus belle que la vôtre
50%
Film 2004 Les Dalton
50%
Film 2009 Lucky Luke
50%
Short Film 2004 Rien de grave
50%
Film 2003 The Car Keys
50%
Film 2003 Toutes les filles sont folles
50%
TV Show 1999-2003 Un gars, une fille
50%
Film 2003 Welcome to the Roses
50%
Web Series 2024 Zorro
50%
Film 2007 99 Francs
25%
Film 2013 9 Month Stretch
25%
Web Series 2023 Alphonse
25%
Film 2009 A Man and His Dog
25%
Film 2019 An Officer and a Spy
25%
Film 2010 A View of Love
25%
Film 2016 Brice 3
25%
TV Show 2018 Call My Agent!
25%
TV Sketches 1996-1999 Carré Blanc / Nous C Nous
25%
Film 2007 Cherche fiancé tous frais payés
25%
Film 2019 Deerskin
25%
TV Film 2007 Deux sur la balançoire
25%
TV Show 1997 Farce Attaque
25%
Film 2018 I Feel Good
25%
Music Video 2005 Le Casse de Brice
25%
Film 2010 Little White Lies
25%
Film 2013 Möbius
25%
Film 2005 Never Say... Never!
25%
Film 2022 November
25%
Film 2023 On the Wandering Paths
25%
TV Show 2007 Palizzi
25%
TV Show 2013 Platane
25%
Music Video 2016 Pour un pote
25%
Film 2021 Présidents
25%
Film 2018 Return of the Hero
25%
Film 2017 Sahara
25%
TV Show 2012 Saturday Night Live
25%
Film 2011 The Artist
25%
Film 2010 The Clink of Ice
25%
Film 2014 The Connection
25%
Film 2014 The Monuments Men
25%
Film 2012 The Players
25%
Film 2013 The Wolf of Wall Street
25%
Film 2015 Un plus une
25%
Film 2016 Up for Love
25%
TV Documentary 2011 Belmondo, Itinéraire...
0%
Film 2017 Chacun sa vie et son intime conviction
0%
Film 2020 Delete History
0%
Film TBA Des rayons et des ombres
0%
Short Documentary 2019 Jean Dujardin à la Cérémonie de Remise des Prix du Fifigrot 2019
0%
Documentary 2019 Jean Dujardin au Fifigrot 2019
0%
TV Documentary 2011 Jean Dujardin: Le Grand Jeu
0%
Short Film 2012 Jean Dujardin's Cigarettes
0%
TV Show 2013 Le dábarquement
0%
Documentary 2023 Les gardiennes de la planète
0%
Film 2025 L'homme qui rétrécit
0%
Commercial 2014, 2023 Nespresso
0%
No matching quizzes found
Score Distribution
Percent of People with Each Score
Percentile by Number Answered
Your Score History
You have not taken this quiz since the last reset